[Event "Bundesliga 0506"]
[Site "Germany"]
[Date "2006.04.02"]
[Round "15.3"]
[White "Kalinitschew, Sergey"]
[Black "Roeber, Bjoern"]
[Result "1-0"]
[WhiteElo "2491"]
[BlackElo "2310"]
[PlyCount "61"]
[EventDate "2005.10.21"]
[EventType "team-tourn"]
[EventRounds "15"]
[EventCountry "GER"]
[SourceTitle "EXT 2007"]
[Source "ChessBase"]
[SourceDate "2006.11.23"]
[SourceVersion "1"]
[SourceVersionDate "2006.11.23"]
[SourceQuality "1"]
[WhiteTeam "Kreuzberg"]
[BlackTeam "Leipzig Gohlis"]
[WhiteTeamCountry "GER"]
[BlackTeamCountry "GER"]

1. d4 Nf6 2. c4 g6 3. Nc3 d5 4. Nf3 Bg7 5. e3 0-0 6. b4 Ne4 7. Bb2 Nxc3 8. Bxc3 b6 9. Rc1 c6 10. Be2 Bg4 11. 0-0 Nd7 12. cxd5 cxd5 13. b5 Bxf3 14. Bxf3 Nf6 15. Bb4 a6 16. bxa6 Rxa6 17. Qe2 Ra7 18. Rc6 Qa8 19. Qb5 Rd8 20. a3 e6 21. Rfc1 Bf8 22. g3 Nd7 23. Kg2 Kg7 24. R1c3 Qb7 25. Be2 h5 26. h3 Rb8 27. Bd3 Rd8 28. Bxf8+ Rxf8 29. Qb4 Nc5 30. Rxb6 Nxd3 31. Rxb7 1-0

[Event "BL2-Ost 0203"]
[Site "Germany"]
[Date "2003.01.13"]
[Round "4.3"]
[White "Roeber, Bjoern"]
[Black "Schunk, Eduard"]
[Result "1-0"]
[WhiteElo "2336"]
[BlackElo "2297"]
[PlyCount "73"]
[EventDate "2002.10.20"]
[EventType "team-tourn"]
[EventRounds "9"]
[EventCountry "GER"]
[SourceTitle "EXT 2004"]
[Source "ChessBase"]
[SourceDate "2003.11.25"]
[SourceVersion "1"]
[SourceVersionDate "2003.11.25"]
[SourceQuality "1"]
[WhiteTeam "Leipzig Gohlis"]
[BlackTeam "Bindlach"]
[WhiteTeamCountry "GER"]
[BlackTeamCountry "GER"]

1. d4 Nf6 2. c4 g6 3. Nf3 Bg7 4. g3 0-0 5. Bg2 d6 6. 0-0 a6 7. Nc3 Nc6 8. h3 Re8 9. e4 e5 10. Be3 exd4 11. Nxd4 Bd7 12. Re1 Qc8 13. Kh2 Re5 14. f4 Rh5 15. Nxc6 bxc6 16. h4 Ng4+ 17. Kh1 Nxe3 18. Rxe3 Bg4 19. Qd2 Rb8 20. Rf1 Qb7 21. Na4 Qa7 22. Rd3 h6 23. c5 g5 24. Qf2 gxh4 25. gxh4 Bf6 26. Rg3 Rxh4+ 27. Kg1 Kh8 28. e5 dxe5 29. Qe3 Rb4 30. fxe5 Bg5 31. Qc3 Rxa4 32. e6+ f6 33. e7 Qb8 34. Rxf6 Bxf6 35. Qxf6+ Kh7 36. Qf7+ Kh8 37. Qf8+ 1-0

[Event "BL2-Nord 0102"]
[Site "Germany"]
[Date "2002.03.17"]
[Round "7.3"]
[White "Jugelt, Tobias"]
[Black "Roeber, Bjoern"]
[Result "1-0"]
[WhiteElo "2420"]
[BlackElo "2349"]
[PlyCount "109"]
[EventDate "2001.10.07"]
[EventType "team-tourn"]
[EventRounds "9"]
[EventCountry "GER"]
[SourceTitle "CBM 088 Extra"]
[Source "ChessBase"]
[SourceDate "2002.07.01"]
[SourceVersion "2"]
[SourceVersionDate "2002.07.01"]
[SourceQuality "1"]
[WhiteTeam "Delmenhorst"]
[BlackTeam "Leipzig Gohlis"]
[WhiteTeamCountry "GER"]
[BlackTeamCountry "GER"]

1. b3 Nf6 2. Bb2 d5 3. Nf3 g6 4. c4 c6 5. g3 Bg7 6. Bg2 0-0 7. 0-0 Bg4 8. d3 Nbd7 9. Nbd2 a5 10. a3 b5 11. Nd4 Qb6 12. h3 Be6 13. Rc1 Nc5 14. Qc2 bxc4 15. bxc4 Rac8 16. Rb1 Bd7 17. N2f3 Qc7 18. Rfc1 Qd6 19. Bc3 e5 20. Nb3 Nxb3 21. Bxe5 Qxa3 22. Rxb3 Qe7 23. Ra1 dxc4 24. dxc4 Ra8 25. Rba3 Be6 26. Rxa5 Rxa5 27. Rxa5 Nd7 28. Bxg7 Kxg7 29. Nd4 c5 30. Nxe6+ Qxe6 31. Qe4 Qxe4 32. Bxe4 Rc8 33. Ra6 Rb8 34. Rc6 Rb4 35. Bd5 Rb2 36. Rc7 Nb6 37. Rxf7+ Kh6 38. Rc7 Rxe2 39. Rxc5 Nd7 40. Rc7 Ne5 41. Bg8 g5 42. Rxh7+ Kg6 43. Rb7 g4 44. hxg4 Nxg4 45. Bf7+ Kf6 46. Bh5 Re1+ 47. Kg2 Ne5 48. Rc7 Rc1 49. c5 Rc2 50. Be8 Ke6 51. c6 Kd6 52. Rh7 Rd2 53. Kf1 Rc2 54. Rh6+ Kc7 55. Rf6 1-0

[Event "BL2-Nord 0001"]
[Site "Germany"]
[Date "2001.02.18"]
[Round "6.4"]
[White "Hochgraefe, Markus"]
[Black "Roeber, Bjoern"]
[Result "0-1"]
[WhiteElo "2349"]
[BlackElo "2328"]
[PlyCount "70"]
[EventDate "2000.10.15"]
[EventType "team-tourn"]
[EventRounds "9"]
[EventCountry "GER"]
[SourceTitle "CBM 082 Extra"]
[Source "ChessBase"]
[SourceDate "2001.07.03"]
[SourceVersion "1"]
[SourceVersionDate "2001.07.03"]
[SourceQuality "1"]
[WhiteTeam "Hamburg Koenigsspringer"]
[BlackTeam "Leipzig Gohlis"]
[WhiteTeamCountry "GER"]
[BlackTeamCountry "GER"]

1. Nf3 Nf6 2. c4 g6 3. Nc3 Bg7 4. e4 c5 5. d4 cxd4 6. Nxd4 d6 7. Be2 0-0 8. Be3 b6 9. 0-0 Bb7 10. f3 Nbd7 11. b4 a6 12. Qb3 e6 13. Rfd1 Re8 14. Bg5 Rc8 15. Rac1 h6 16. Bh4 Qe7 17. Bf1 g5 18. Bf2 g4 19. Bh4 Ne5 20. Be2 gxf3 21. Nxf3 Ng6 22. Bg3 d5 23. exd5 exd5 24. Nd4 Qe3+ 25. Bf2 Qg5 26. Nf3 dxc4 27. Qc2 Qg4 28. h3 Qf4 29. Bxb6 Qb8 30. Bd4 Nf4 31. Rf1 Nxh3+ 32. gxh3 Qg3+ 33. Kh1 Qxh3+ 34. Kg1 Ng4 35. Bxc4 Bxd4+ 0-1

[Event "BL2-Nord 0001"]
[Site "Germany"]
[Date "2000.12.10"]
[Round "3.3"]
[White "Wippermann, Till"]
[Black "Roeber, Bjoern"]
[Result "1/2-1/2"]
[WhiteElo "2306"]
[BlackElo "2328"]
[PlyCount "57"]
[EventDate "2000.10.15"]
[EventType "team-tourn"]
[EventRounds "9"]
[EventCountry "GER"]
[SourceTitle "CBM 082 Extra"]
[Source "ChessBase"]
[SourceDate "2001.07.03"]
[SourceVersion "1"]
[SourceVersionDate "2001.07.03"]
[SourceQuality "1"]
[WhiteTeam "Isernhagen"]
[BlackTeam "Leipzig Gohlis"]
[WhiteTeamCountry "GER"]
[BlackTeamCountry "GER"]

1. e4 c5 2. Nc3 Nc6 3. f4 g6 4. Nf3 Bg7 5. Bb5 Nd4 6. 0-0 Nxb5 7. Nxb5 Nf6 8. d3 0-0 9. a4 d6 10. Qe1 e6 11. Qh4 a6 12. Nxd6 Qxd6 13. e5 Qd8 14. f5 exf5 15. Bg5 Re8 16. Rae1 Re6 17. exf6 Bh8 18. Kh1 h6 19. Qxh6 Bxf6 20. Qh4 Kg7 21. Qh6+ Kg8 22. Qh4 Kg7 23. Bxf6+ Qxf6 24. Ng5 Rxe1 25. Rxe1 Bd7 26. Qh7+ Kf8 27. Qh4 Kg7 28. Qh7+ Kf8 29. Qh4 1/2-1/2

[Event "BL2-Nord 9900"]
[Site "Germany"]
[Date "2000.03.26"]
[Round "8.1"]
[White "Stern, Rene"]
[Black "Roeber, Bjoern"]
[Result "1-0"]
[WhiteElo "2465"]
[BlackElo "2310"]
[PlyCount "73"]
[EventDate "1999.10.10"]
[EventType "team-tourn"]
[EventRounds "9"]
[EventCountry "GER"]
[SourceTitle "CBM 075 Extra"]
[Source "ChessBase"]
[SourceDate "2000.05.11"]
[SourceVersion "2"]
[SourceVersionDate "2000.05.11"]
[SourceQuality "1"]
[WhiteTeam "Neukloster"]
[BlackTeam "Leipzig Gohlis"]
[WhiteTeamCountry "GER"]
[BlackTeamCountry "GER"]

1. Nf3 Nf6 2. c4 c5 3. g3 g6 4. Bg2 Bg7 5. 0-0 0-0 6. d4 cxd4 7. Nxd4 Nc6 8. c5 Nxd4 9. Qxd4 d6 10. cxd6 Ne8 11. Qb4 Nxd6 12. Nc3 a5 13. Qh4 Nf5 14. Qe4 Nd4 15. Bg5 Bf5 16. Qh4 f6 17. Be3 e5 18. Bxd4 g5 19. Qh5 exd4 20. Qf3 Bg6 21. Rad1 f5 22. Nb5 f4 23. Nxd4 Qf6 24. Qxb7 Rab8 25. Qd5+ Bf7 26. Qxa5 Rxb2 27. a3 Kh8 28. g4 Bg6 29. Bf3 h6 30. Nc6 Rc8 31. Rc1 h5 32. h3 hxg4 33. hxg4 Rb3 34. Kg2 Qe6 35. Rh1+ Bh7 36. Qxg5 Kg8 37. Ne7+ 1-0

[Event "Cuxhaven IM"]
[Site "Cuxhaven"]
[Date "2000.??.??"]
[Round "1"]
[White "Roeber, Bjoern"]
[Black "Hertel, Peter"]
[Result "1-0"]
[WhiteElo "2292"]
[BlackElo "2265"]
[PlyCount "57"]
[EventDate "2000.??.??"]
[EventType "swiss"]
[EventRounds "9"]
[EventCountry "GER"]
[SourceTitle "EXT 2002"]
[Source "ChessBase"]
[SourceDate "2001.11.25"]
[SourceVersion "1"]
[SourceVersionDate "2001.11.25"]
[SourceQuality "1"]

1. d4 Nf6 2. c4 g6 3. Nf3 Bg7 4. g3 0-0 5. Bg2 d6 6. Nc3 c6 7. 0-0 Nbd7 8. h3 Qa5 9. e4 Qa6 10. Qe2 e5 11. Be3 exd4 12. Nxd4 Re8 13. b4 Ne5 14. b5 Qa5 15. Rac1 Qb4 16. bxc6 Qxc4 17. Qxc4 Nxc4 18. Ncb5 Nxe3 19. fxe3 bxc6 20. Nxd6 Rf8 21. Nxc6 Ba6 22. Rfd1 Nd7 23. Nb4 Be2 24. Rd2 a5 25. Nc6 Ba6 26. Rd5 f6 27. e5 fxe5 28. Rxa5 Bh6 29. Re1 1-0

[Event "Oberliga Ost-A 9899"]
[Site "Germany"]
[Date "1999.??.??"]
[Round "?"]
[White "Hoffmeyer, Falk"]
[Black "Roeber, Bjoern"]
[Result "1-0"]
[WhiteElo "2225"]
[BlackElo "2325"]
[PlyCount "79"]
[EventDate "1998.10.??"]
[EventType "team"]
[EventRounds "11"]
[EventCountry "GER"]
[SourceTitle "EXT 2000"]
[Source "ChessBase"]
[SourceDate "1999.11.16"]
[SourceVersion "1"]
[SourceVersionDate "1999.11.16"]
[SourceQuality "1"]

1. d4 Nf6 2. Nf3 g6 3. c4 Bg7 4. Nc3 d5 5. cxd5 Nxd5 6. e4 Nxc3 7. bxc3 c5 8. Rb1 0-0 9. Be2 Nc6 10. d5 Ne5 11. Nxe5 Bxe5 12. Qd2 e6 13. f4 Bc7 14. Bc4 e5 15. 0-0 exf4 16. Qe2 Qf6 17. Bxf4 Bxf4 18. g3 Qxc3 19. Rxf4 Qe5 20. Qb2 Qxb2 21. Rxb2 b6 22. Rbf2 Kg7 23. e5 Bd7 24. d6 Be6 25. Bxe6 fxe6 26. Rf6 Rxf6 27. Rxf6 Re8 28. Rxe6 Kf7 29. Rf6+ Kg7 30. d7 Rd8 31. Rd6 Kf8 32. e6 c4 33. Kf2 b5 34. Ke3 b4 35. Kd4 c3 36. Rc6 Ke7 37. Kd5 a5 38. Rc8 Rxd7+ 39. exd7 Kxd7 40. Rc4 1-0

[Event "Oberliga Ost-A 9899"]
[Site "Germany"]
[Date "1999.??.??"]
[Round "?"]
[White "Roeber, Bjoern"]
[Black "Aepfler, Christian"]
[Result "1/2-1/2"]
[WhiteElo "2325"]
[BlackElo "2210"]
[PlyCount "98"]
[EventDate "1998.10.??"]
[EventType "team"]
[EventRounds "11"]
[EventCountry "GER"]
[SourceTitle "EXT 2000"]
[Source "ChessBase"]
[SourceDate "1999.11.16"]
[SourceVersion "1"]
[SourceVersionDate "1999.11.16"]
[SourceQuality "1"]

1. d4 d5 2. Nf3 Nf6 3. c4 c6 4. Qc2 g6 5. Bf4 Bf5 6. Qb3 Qb6 7. Nc3 dxc4 8. Qxb6 axb6 9. a4 Na6 10. Be5 Nb4 11. Rc1 Bh6 12. e3 Bd3 13. g4 Bg7 14. g5 Nh5 15. Bc7 Bxf1 16. Kxf1 Nd5 17. Nxd5 cxd5 18. b3 cxb3 19. Bxb6 Rxa4 20. Kg2 0-0 21. Rc7 f6 22. Bc5 fxg5 23. Bxe7 Re8 24. Rb1 g4 25. Ne1 Bf6 26. Bxf6 Nxf6 27. Rxb3 Ra7 28. Rbxb7 Rxb7 29. Rxb7 Rf8 30. Nd3 Rf7 31. Rb8+ Kg7 32. Rd8 Rd7 33. Rxd7+ Nxd7 34. Kg3 h5 35. Nb4 Nb6 36. Kf4 Kf6 37. e4 g5+ 38. Ke3 dxe4 39. Kxe4 Nc4 40. Kd3 Nd6 41. Nd5+ Kf5 42. Ke3 Nc4+ 43. Ke2 Ke4 44. Nf6+ Kxd4 45. Nxh5 Ke5 46. Kf1 Nd6 47. Ng3 Ne4 48. Ne2 Kd5 49. Kg2 Ke5 1/2-1/2

[Event "BL2-Ost 9697"]
[Site "Germany"]
[Date "1997.??.??"]
[Round "?.2"]
[White "Roeber, Bjoern"]
[Black "Stettler, Michael"]
[Result "0-1"]
[WhiteElo "2245"]
[BlackElo "2330"]
[PlyCount "62"]
[EventDate "1996.10.??"]
[EventType "team-tourn"]
[EventRounds "9"]
[EventCountry "GER"]
[SourceTitle "GER-chT2"]
[Source "ChessBase"]
[SourceDate "1999.07.01"]
[SourceVersion "1"]
[SourceVersionDate "1999.07.01"]
[SourceQuality "1"]
[WhiteTeam "Leipzig Gohlis"]
[BlackTeam "Leipzig ESV"]
[WhiteTeamCountry "GER"]
[BlackTeamCountry "GER"]

1. d4 d5 2. c4 e6 3. Nf3 c5 4. Nc3 Nc6 5. cxd5 exd5 6. g3 Nf6 7. Bg2 Be7 8. 0-0 0-0 9. dxc5 Bxc5 10. b3 a6 11. Bb2 Be6 12. Rc1 Ba7 13. Na4 Qe7 14. Nd4 Bd7 15. e3 Rfd8 16. Re1 Ne5 17. Nf3 Ng6 18. Bd4 Bxa4 19. bxa4 Bxd4 20. Nxd4 Ne5 21. Qb3 Ne4 22. Qc2 Nf6 23. Re2 g6 24. Qb3 Rac8 25. Rxc8 Rxc8 26. Bxd5 Nxd5 27. Qxd5 Rc5 28. Qe4 Qc7 29. Rc2 Rxc2 30. Qxc2 Nf3+ 31. Kg2 Ne1+ 0-1

[Event "GER-ch U17"]
[Site "Pinneberg"]
[Date "1996.??.??"]
[Round "8"]
[White "Gottschlich, Carsten"]
[Black "Roeber, Bjoern"]
[Result "1-0"]
[WhiteElo "2195"]
[BlackElo "2245"]
[PlyCount "81"]
[EventDate "1996.??.??"]
[EventType "swiss"]
[EventRounds "9"]
[EventCountry "GER"]
[SourceTitle "EXT 1997"]
[Source "ChessBase"]
[SourceDate "1996.11.15"]
[SourceVersion "1"]
[SourceVersionDate "1996.11.15"]
[SourceQuality "1"]

1. c4 Nf6 2. g3 c6 3. Nf3 d5 4. b3 g6 5. Bb2 Bg7 6. Bg2 0-0 7. 0-0 Bg4 8. d4 Nbd7 9. Nbd2 Qb6 10. h3 Bxf3 11. Bxf3 Rfe8 12. e4 dxe4 13. Nxe4 Nxe4 14. Bxe4 e5 15. dxe5 Nc5 16. Qc2 Bxe5 17. Bxe5 Rxe5 18. Bf3 Rae8 19. Rad1 Ne6 20. Qc3 Nc5 21. Kg2 a5 22. Qd4 a4 23. Rb1 Qb4 24. h4 h5 25. Rfd1 Rf5 26. Qd2 Qb6 27. b4 Ne6 28. c5 Qa6 29. Qd3 Qa8 30. a3 Nc7 31. Qc4 Nd5 32. Rd4 Qc8 33. Rbd1 Rd8 34. b5 Qe6 35. Qxa4 Re8 36. Re4 Re5 37. Rde1 cxb5 38. Qxb5 Nc3 39. Rxe5 Nxb5 40. Rxe6 fxe6 41. a4 1-0

[Event "Oberliga Ost-A 9596"]
[Site "Germany"]
[Date "1996.??.??"]
[Round "?"]
[White "Roeber, Bjoern"]
[Black "Balogh, Tomas"]
[Result "1/2-1/2"]
[WhiteElo "2220"]
[BlackElo "2310"]
[PlyCount "85"]
[EventDate "1995.10.??"]
[EventType "team"]
[EventRounds "9"]
[EventCountry "GER"]
[SourceTitle "EXT 1998"]
[Source "ChessBase"]
[SourceDate "1997.11.17"]
[SourceVersion "1"]
[SourceVersionDate "1997.11.17"]
[SourceQuality "1"]

1. d4 Nf6 2. c4 g6 3. Nc3 Bg7 4. Nf3 0-0 5. g3 d6 6. Bg2 c5 7. 0-0 Nc6 8. b3 cxd4 9. Nxd4 Bd7 10. Bb2 Qc8 11. Rc1 Bh3 12. Nd5 Bxg2 13. Kxg2 Re8 14. h4 Qd7 15. Nxc6 Nxd5 16. Nd4 Nb4 17. Qd2 Nc6 18. e4 Rac8 19. Rcd1 a6 20. Nxc6 Qxc6 21. Bxg7 Kxg7 22. Qd4+ f6 23. Rc1 Qc5 24. Qd2 a5 25. Rfd1 b6 26. Qf4 Qe5 27. Qe3 Rc5 28. Rd5 Qb2 29. a4 h6 30. Rcd1 Rf8 31. R1d2 Qb1 32. f4 Kh7 33. Qf3 f5 34. Re2 fxe4 35. Qxe4 Qxe4+ 36. Rxe4 Rc7 37. Rb5 Rb7 38. Re6 Kg7 39. c5 Kf7 40. f5 gxf5 41. Rxh6 Kg7 42. c6 Rc7 43. Rh5 1/2-1/2

[Event "Weilburg NBG op"]
[Site "Weilburg"]
[Date "1996.??.??"]
[Round "6"]
[White "Roeber, Bjoern"]
[Black "Bauer, C."]
[Result "1-0"]
[WhiteElo "2245"]
[BlackElo "2430"]
[PlyCount "85"]
[EventDate "1996.??.??"]
[EventType "swiss"]
[EventRounds "9"]
[EventCountry "GER"]
[SourceTitle "EXT 1997"]
[Source "ChessBase"]
[SourceDate "1996.11.15"]
[SourceVersion "1"]
[SourceVersionDate "1996.11.15"]
[SourceQuality "1"]

1. d4 d6 2. c4 Nf6 3. Nf3 Nbd7 4. Nc3 e5 5. Qc2 Be7 6. g3 0-0 7. Bg2 c6 8. 0-0 Re8 9. e4 a6 10. a4 a5 11. b3 Qb6 12. Rd1 Bd8 13. h3 Qa7 14. Bb2 Bc7 15. Ne2 Qb8 16. Rac1 Nf8 17. Nh4 Ne6 18. f4 c5 19. d5 Nd4 20. Nxd4 exd4 21. Re1 Nd7 22. Nf3 Bd8 23. g4 f6 24. h4 Nf8 25. Bh3 h5 26. f5 hxg4 27. Bxg4 Nd7 28. Bh5 Re5 29. Bg6 Kf8 30. Qe2 Ke7 31. Nxe5 Nxe5 32. Qh5 Ra6 33. Qh8 Kd7 34. Qxg7+ Be7 35. h5 Qa7 36. Ba3 Qb6 37. Rb1 Qd8 38. Kg2 Kc7 39. h6 Qf8 40. Qxf8 Bxf8 41. h7 Bg7 42. h8Q Bxh8 43. Rh1 1-0

[Event "GER-ch U17"]
[Site "Pinneberg"]
[Date "1996.??.??"]
[Round "7"]
[White "Roeber, Bjoern"]
[Black "Pflug, Matthias"]
[Result "1-0"]
[WhiteElo "2245"]
[BlackElo "2150"]
[PlyCount "111"]
[EventDate "1996.??.??"]
[EventType "swiss"]
[EventRounds "9"]
[EventCountry "GER"]
[SourceTitle "EXT 1997"]
[Source "ChessBase"]
[SourceDate "1996.11.15"]
[SourceVersion "1"]
[SourceVersionDate "1996.11.15"]
[SourceQuality "1"]

1. d4 f5 2. c4 g6 3. Nf3 Nf6 4. g3 Bg7 5. Bg2 0-0 6. 0-0 d6 7. Nc3 Nc6 8. d5 Ne5 9. Nxe5 dxe5 10. e4 f4 11. b4 g5 12. Qb3 g4 13. Rd1 f3 14. Bf1 Kh8 15. c5 h5 16. Be3 h4 17. Bd3 Nh5 18. Qc4 a6 19. Kf1 Nf4 20. gxf4 exf4 21. Bc1 g3 22. Ke1 Bd7 23. a4 Bb5 24. axb5 axb5 25. Rxa8 bxc4 26. Rxd8 Bxc3+ 27. Bd2 Bxd2+ 28. Kxd2 Rxd8 29. hxg3 fxg3 30. fxg3 cxd3 31. gxh4 e6 32. Kxd3 exd5 33. Ke3 c6 34. exd5 cxd5 35. Kxf3 Kg7 36. Ke3 Re8+ 37. Kd4 Re4+ 38. Kxd5 Rxb4 39. Rd4 Rb5 40. Kd6 Kf7 41. Rf4+ Kg6 42. Re4 Kh5 43. Re6 Kxh4 44. Kd5 Kg5 45. Rb6 Ra5 46. Rxb7 Kf6 47. Kd6 Ra1 48. c6 Rd1+ 49. Kc7 Rc1 50. Kd7 Re1 51. c7 Rd1+ 52. Ke8 Re1+ 53. Kd7 Rd1+ 54. Kc6 Rc1+ 55. Kb6 Ke6 56. Rb8 1-0